[Event "IECC Swiss email"]
[Site "IECC email"]
[Date "2002.03.17"]
[Round "?"]
[White "Hartl, Mike"]
[Black "Stanley, Bob"]
[Result "1/2-1/2"]
[WhiteElo "1500"]
[BlackElo "1904"]
[PlyCount "52"]
[EventDate "2002.??.??"]
[EventType "tourn (corr)"]
[EventRounds "6"]
[SourceTitle "Corr 2008"]
[Source "ChessBase"]
[SourceDate "2008.06.24"]
[SourceVersion "1"]
[SourceVersionDate "2008.06.24"]
[SourceQuality "1"]

1. e4 c5 2. Nf3 Nc6 3. Bb5 e6 4. 0-0 Nge7 5. c3 d5 6. exd5 Qxd5 7. Qe2 a6 8. Bc4 Qd6 9. Rd1 b5 10. Bb3 Bb7 11. d4 cxd4 12. cxd4 Na5 13. Bc2 Rc8 14. Nc3 Nd5 15. Nxd5 Qxd5 16. Bf4 Be7 17. h3 0-0 18. b3 Rfd8 19. Rac1 Ba3 20. Rb1 Qh5 21. Be4 Bxe4 22. Qxe4 Qd5 23. Qxd5 Rxd5 24. Bc1 Bd6 25. Bb2 Rd8 26. Rbc1 b4 1/2-1/2